000 00271nam a2200133Ia 4500
100 _aFairhead harry
942 _cBK
654 _a386/486 PC
245 _a386/486 PC
260 _bBPB Publication
_aNew Delhi
_c1991
300 _a275
546 _aENGLISH
999 _c25850
_d25850